书目信息 |
| 题名: |
公益向右 商业向左
|
|
| 作者: | 徐永光 著 | |
| 分册: | ||
| 出版信息: | 北京 中信出版社 2017 |
|
| 页数: | 17,219页 | |
| 开本: | 21cm | |
| 丛书名: | ||
| 单 册: | ||
| 中图分类: | D57 | |
| 科图分类: | ||
| 主题词: | 企业家--慈善事业--研究 | |
| 电子资源: | ||
| ISBN: | 978-7-5086-7820-7 | |
| 000 | 01194nam0 2200253 450 | |
| 001 | 012001003436 | |
| 005 | 20140926114739.0 | |
| 010 | @a978-7-5086-7820-7@b精装@dCNY49.00 | |
| 100 | @a20171018d2017 em y0chiy50 ea | |
| 101 | 0 | @achi |
| 102 | @aCN@b110000 | |
| 105 | @ay z 000yy | |
| 106 | @ar | |
| 200 | 1 | @a公益向右 商业向左@9gong yi xiang you shang ye xiang zuo@e社会企业与社会影响力投资@f徐永光著 |
| 210 | @a北京@c中信出版社@d2017 | |
| 215 | @a17,219页@d21cm | |
| 314 | @a徐永光,现任南都公益基金会理事长、国务院参事室特约研究员、中国慈善联合会副会长;曾任共青团中央组织部部长,第九届、第十届全国政协委员。先后创办中国青少年发展基金会(希望工程)、南都公益基金会、中国基金会中心网等,主编《第三部门研究丛书》,著有《徐永光说希望工程》。 | |
| 330 | @a本书是一本从宏观上介绍中国的社会企业发展之路的书。它旨在帮助读者理解什么是社会企业,社会企业的模式有哪些,社会企业能否参与分红,为什么需要社会影响力投资,以及社会企业的未来在哪里。 | |
| 517 | 1 | @a社会企业与社会影响力投资@9she hui qi ye yu she hui ying xiang li tou zi |
| 606 | 0 | @a企业家@x慈善事业@x研究 |
| 690 | @aD57@v5 | |
| 701 | 0 | @a徐永光@9xu yong guang@4著 |
| 801 | 0 | @aCN@b上海新华@c20180901 |
| 905 | @b1154388-92@dD57@e252@f5 | |
| 公益向右 商业向左:社会企业与社会影响力投资/徐永光著.-北京:中信出版社,2017 |
| 17,219页;21cm |
| ISBN 978-7-5086-7820-7(精装):CNY49.00 |
| 本书是一本从宏观上介绍中国的社会企业发展之路的书。它旨在帮助读者理解什么是社会企业,社会企业的模式有哪些,社会企业能否参与分红,为什么需要社会影响力投资,以及社会企业的未来在哪里。 |
| ● |
| 相关链接 |
|
|
|
|
正题名:公益向右 商业向左
索取号:D57/252
 
预约/预借
| 序号 | 登录号 | 条形码 | 馆藏地/架位号 | 状态 | 备注 |
| 1 | 1154388 | 211543882 | 第一样本阅览室/ [索取号:D57/252] | 在馆 | |
| 2 | 1154389 | 211543891 | 第一借阅区/ [索取号:D57/252] | 在馆 | |
| 3 | 1154390 | 211543908 | 第一借阅区/ [索取号:D57/252] | 在馆 | |
| 4 | 1154391 | 211543917 | 密集书库-史法系/ [索取号:D57/252] | 在馆 | |
| 5 | 1154392 | 211543926 | 第一借阅区/ [索取号:D57/252] | 在馆 |